[Event "Ct. Catalunya eq DH"]
[Site "?"]
[Date "2013.03.09"]
[Round "8.8"]
[White "Llaneza Vega, P."]
[Black "Castellet Giralt, G."]
[Result "0-1"]
[WhiteElo "2320"]
[BlackElo "2285"]
[PlyCount "78"]
[EventDate "2013.??.??"]
[EventType "tourn"]
[EventRounds "11"]

1. e4 c5 2. Nf3 Nc6 3. d4 cxd4 4. Nxd4 g6 5. Nc3 Bg7 6. Be3 Nf6 7. Bc4 O-O 8.
Bb3 d6 9. f3 Bd7 10. Qd2 Nxd4 11. Bxd4 b5 12. O-O a5 13. a4 b4 14. Ne2 e5 15.
Be3 Be6 16. Rfd1 Ra6 17. Nc1 Qc7 18. Nd3 Rc8 19. Rac1 Rc6 20. Qf2 Nd7 21. Qh4
Bc4 22. Bxc4 Rxc4 23. b3 Rc3 24. Bd2 Qb6+ 25. Nf2 Rxc2 26. Rxc2 Rxc2 27. Qe7
Bh6 28. Qxd7 Bxd2 29. Kf1 h5 30. Qb5 Qe3 31. Nh3 Bc3 32. Qd3 Qxd3+ 33. Rxd3 Bd4
34. f4 f6 35. fxe5 dxe5 36. Rf3 Kg7 37. Rd3 g5 38. Rd1 g4 39. Ng1 Rf2+ 0-1

[Event "Ct. Catalunya eq DH"]
[Site "?"]
[Date "2013.03.09"]
[Round "8.9"]
[White "Anguera Maestro, J."]
[Black "Pinsach Gelabert, A."]
[Result "1/2-1/2"]
[WhiteElo "2247"]
[BlackElo "2178"]
[PlyCount "36"]
[EventDate "2013.??.??"]
[EventType "tourn"]
[EventRounds "11"]

1. d4 d5 2. Nf3 e6 3. e3 c5 4. c3 Nc6 5. Bd3 Nf6 6. O-O Bd6 7. Nbd2 O-O 8. e4
cxd4 9. cxd4 dxe4 10. Nxe4 Be7 11. Be3 Nb4 12. Nxf6+ Bxf6 13. Be4 Nd5 14. Qd2
b6 15. Rac1 Bb7 16. Bg5 Bxg5 17. Nxg5 h6 18. Nf3 Qe7 1/2-1/2

[Event "Ct. Catalunya eq DH"]
[Site "?"]
[Date "2013.03.09"]
[Round "8.9"]
[White "Bru Rullo, L."]
[Black "De la Riva Aguado, J."]
[Result "0-1"]
[WhiteElo "2265"]
[BlackElo "2320"]
[PlyCount "59"]
[EventDate "2013.??.??"]
[EventType "tourn"]
[EventRounds "11"]

1. e4 c5 2. Nf3 e6 3. c3 Nf6 4. e5 Nd5 5. d4 cxd4 6. cxd4 d6 7. Nc3 Nc6 8. Nxd5
exd5 9. Be2 Qb6 10. O-O Be7 11. b3 Bf5 12. Bf4 dxe5 13. dxe5 Rd8 14. Bd3 Bg4
15. h3 Bh5 16. Re1 O-O 17. Bxh7+ Kxh7 18. Ng5+ Bxg5 19. Qxh5+ Bh6 20. Bxh6 gxh6
21. Qf5+ Kg8 22. e6 Ne7 23. Qh5 fxe6 24. Qxh6 Qxf2+ 25. Kh1 Rf6 26. Qh5 Nf5 27.
Qg5+ Kf7 28. Kh2 Rg8 29. Qh5+ Kg7 30. Rg1 0-1

[Event "Ct. Catalunya eq DH"]
[Site "?"]
[Date "2013.03.09"]
[Round "8.9"]
[White "Diaz Camallonga, C."]
[Black "Onna Amargant, J."]
[Result "1-0"]
[WhiteElo "2286"]
[BlackElo "2105"]
[PlyCount "123"]
[EventDate "2013.??.??"]
[EventType "tourn"]
[EventRounds "11"]

1. e4 e6 2. d4 b6 3. Bd3 Bb7 4. Nf3 Nf6 5. Qe2 Be7 6. c3 c5 7. O-O d5 8. exd5
Qxd5 9. dxc5 Qxc5 10. Be3 Qh5 11. Bb5+ Bc6 12. Nd4 Bxb5 13. Qxh5 Nxh5 14. Nxb5
Na6 15. a4 O-O 16. a5 Bc5 17. Nd2 Bxe3 18. fxe3 Rfd8 19. Nc4 Nc5 20. Nd4 b5 21.
Nxb5 Nb3 22. Ra4 Nd2 23. Re1 Nxc4 24. Rxc4 a6 25. Nd4 Rd5 26. b4 Nf6 27. e4
Rdd8 28. Nb3 Ng4 29. e5 h5 30. h3 Nh6 31. Rc6 Rd3 32. Nc5 Rxc3 33. Rxa6 Rd8 34.
Rd6 Rb8 35. a6 Ra3 36. Rb1 Nf5 37. Rd3 Ra2 38. b5 Ne7 39. Rd7 Nd5 40. Rb7 Rc8
41. a7 Kh7 42. Rb8 Rxc5 43. a8=Q Rxa8 44. Rxa8 Nc3 45. Rf1 Rxb5 46. Rxf7 Rxe5
47. Raa7 Rg5 48. Rfe7 Ne2+ 49. Kh2 h4 50. Ra4 e5 51. Rxh4+ Kg8 52. Rg4 Rxg4 53.
hxg4 Nf4 54. Rxe5 Ng6 55. Ra5 Kh7 56. Kg3 Ne7 57. Kf4 Ng6+ 58. Kg5 Nf8 59. Ra6
Nd7 60. Kf5 Nc5 61. Rd6 Nb7 62. Rd5 1-0

[Event "Ct. Catalunya eq DH"]
[Site "?"]
[Date "2013.03.09"]
[Round "8.10"]
[White "Gardela Batlle, J."]
[Black "Gomez Jurado, LA."]
[Result "0-1"]
[WhiteElo "2277"]
[BlackElo "2322"]
[PlyCount "62"]
[EventDate "2013.??.??"]
[EventType "tourn"]
[EventRounds "11"]

1. Nf3 Nf6 2. c4 c6 3. Nc3 d5 4. cxd5 cxd5 5. d4 Nc6 6. Bf4 e6 7. e3 a6 8. Bd3
Bd6 9. Bg3 O-O 10. Rc1 Bxg3 11. hxg3 Qd6 12. Bb1 g6 13. Kf1 Bd7 14. Kg1 Rac8
15. Rh4 Kg7 16. a3 Na5 17. Ne5 Nc4 18. Nxc4 Rxc4 19. g4 h6 20. Qd2 g5 21. Rh3
Nxg4 22. f3 Nf6 23. g4 Rh8 24. Kg2 e5 25. Ba2 Rcc8 26. Rch1 e4 27. fxe4 dxe4
28. Rg3 Bxg4 29. Rxg4 Nxg4 30. Nxe4 Qc6 31. Bb1 Nf6 0-1

[Event "Ct. Catalunya eq DH"]
[Site "?"]
[Date "2013.03.09"]
[Round "8.10"]
[White "Gorgues Valle, JM."]
[Black "Campos Cayuelas, M."]
[Result "1/2-1/2"]
[WhiteElo "1912"]
[BlackElo "2220"]
[PlyCount "83"]
[EventDate "2013.??.??"]
[EventType "tourn"]
[EventRounds "11"]

1. e4 c5 2. Nc3 Nc6 3. f4 g6 4. Nf3 Bg7 5. Bc4 e6 6. d3 d6 7. O-O Nge7 8. Qe1
Nd4 9. Nxd4 cxd4 10. Nd1 O-O 11. c3 d5 12. Bb3 dxe4 13. Qxe4 a5 14. cxd4 Bd7
15. a4 Bc6 16. Qe2 Nf5 17. Bc4 Bxd4+ 18. Be3 Nxe3 19. Nxe3 Qb6 20. Rfe1 Bxe3+
21. Qxe3 Qxb2 22. Qf2 Qxf2+ 23. Kxf2 Rfd8 24. g3 Bd5 25. Bb5 Rac8 26. Rac1 Bc6
27. Bxc6 Rxc6 28. Rxc6 bxc6 29. Ke3 Rb8 30. Rc1 Rb4 31. Rc4 Rxc4 32. dxc4 c5
33. Ke4 Kf8 34. g4 Ke7 35. g5 f6 36. h4 fxg5 37. hxg5 Kd6 38. Kf3 e5 39. Ke4
exf4 40. Kxf4 Ke6 41. Ke4 Kd6 42. Kf4 1/2-1/2

[Event "Ct. Catalunya eq DH"]
[Site "?"]
[Date "2013.03.09"]
[Round "8.10"]
[White "Parals Marce, L."]
[Black "Gonzalez Hernandez, F."]
[Result "0-1"]
[WhiteElo "2126"]
[BlackElo "2239"]
[PlyCount "78"]
[EventDate "2013.??.??"]
[EventType "tourn"]
[EventRounds "11"]

1. d4 d5 2. Nf3 Nf6 3. e3 e6 4. Bd3 Be7 5. O-O O-O 6. b3 c5 7. Bb2 Nc6 8. a3 b6
9. Nbd2 Bb7 10. Qe2 Rc8 11. c4 Rc7 12. cxd5 exd5 13. Ne5 Qd6 14. Rad1 Bd8 15.
f4 Re7 16. Rf3 cxd4 17. exd4 g6 18. b4 Nd7 19. b5 Nxd4 20. Bxd4 f6 21. Re3 fxe5
22. fxe5 Qe6 23. Nf3 Rf4 24. h3 Re8 25. g3 Rf7 26. g4 Nc5 27. Bb1 a6 28. Ba2
axb5 29. Bc3 Qd7 30. Nd4 Bg5 31. Rf3 Rxf3 32. Nxf3 Be7 33. Nd4 Ne6 34. Nxe6
Qxe6 35. Qxb5 Bc5+ 36. Kh2 Rf8 37. Rd2 Rf3 38. Bb2 Qf7 39. h4 Qf4+ 0-1

[Event "Ct. Catalunya eq DH"]
[Site "?"]
[Date "2013.03.09"]
[Round "8.10"]
[White "Yepes Martinez, E."]
[Black "Vives Jaume, O."]
[Result "1-0"]
[WhiteElo "2313"]
[BlackElo "2226"]
[PlyCount "127"]
[EventDate "2013.??.??"]
[EventType "tourn"]
[EventRounds "11"]

1. d4 d5 2. Bf4 Nf6 3. e3 c5 4. c3 Nc6 5. Nf3 Qb6 6. Qb3 c4 7. Qc2 Bf5 8. Qc1
e6 9. Be2 Be7 10. h3 Ne4 11. Nbd2 O-O 12. Nxe4 Bxe4 13. Nd2 Bg6 14. e4 Rfd8 15.
O-O Rac8 16. Bf3 Na5 17. Re1 Bd6 18. Bg5 f6 19. Be3 Bb8 20. h4 Qc6 21. exd5
exd5 22. b4 cxb3 23. axb3 Qd6 24. g3 Nc6 25. Bf4 Qd7 26. Bxb8 Rxb8 27. Nf1 Re8
28. Ne3 Be4 29. Bg4 f5 30. Bh3 Qf7 31. Ng2 g6 32. Nf4 Bf3 33. Re3 Rxe3 34. Qxe3
Be4 35. f3 Bc2 36. b4 b6 37. Re1 Bb3 38. Bf1 Rb7 39. Qe6 Qxe6 40. Rxe6 Ne7 41.
Kf2 Kf7 42. Ke1 Rc7 43. Kd2 Rc6 44. Re5 a5 45. Bb5 Rd6 46. Nd3 a4 47. Re1 Rd8
48. Ra1 Ra8 49. Nc1 Bc4 50. Rxa4 Rxa4 51. Bxa4 Nc8 52. Bb3 Nd6 53. Bxc4 Nxc4+
54. Ke2 Kf6 55. Nd3 Ke6 56. Nf4+ Kd6 57. h5 g5 58. Nh3 h6 59. Nxg5 Ke7 60. Nh3
Kf6 61. Nf4 Kg5 62. Nxd5 Kxh5 63. Ne3 Nd6 64. Nxf5 1-0

[Event "Ct. Catalunya eq DH"]
[Site "?"]
[Date "2013.03.16"]
[Round "9.1"]
[White "Beltran Rueda, S."]
[Black "Peralta, F."]
[Result "1/2-1/2"]
[WhiteElo "2479"]
[BlackElo "2611"]
[PlyCount "127"]
[EventDate "2013.??.??"]
[EventType "tourn"]
[EventRounds "11"]

1. Nf3 d6 2. d4 Bg4 3. c4 g6 4. Qb3 Nc6 5. d5 Bxf3 6. gxf3 Nd4 7. Qd1 Bg7 8.
Bh3 e5 9. Nc3 Qh4 10. Qa4+ Kf8 11. Bg2 Nf6 12. e3 Nf5 13. Qb3 Bh6 14. Ne2 Kg7
15. Ng3 Ne7 16. Bd2 Rab8 17. Rc1 Rhc8 18. O-O Nd7 19. Qc2 f5 20. b4 Kh8 21.
Rfe1 Nf6 22. f4 e4 23. Bc3 Bg7 24. Qb2 Rg8 25. f3 exf3 26. Bxf3 Rbf8 27. Ne2 g5
28. Nd4 Ne4 29. Bxe4 fxe4 30. Kh1 Nf5 31. Rg1 Nxd4 32. Bxd4 g4 33. Rg3 h5 34.
Rcg1 Kh7 35. Qg2 Re8 36. Bxg7 Rxg7 37. Rd1 Qf6 38. Rd4 Qf5 39. h3 Ree7 40. Kh2
Kg8 41. hxg4 hxg4 42. Kg1 Rh7 43. Kf2 Rh4 44. Rd1 Reh7 45. Kg1 Qh5 46. Qxe4
Rh1+ 47. Kf2 Qh2+ 48. Rg2 g3+ 49. Kf3 Qh5+ 50. Kxg3 Rg7+ 51. Kf2 Qh4+ 52. Ke2
Qh5+ 53. Kf2 Rxd1 54. Qe6+ Kh8 55. Qc8+ Kh7 56. Rxg7+ Kxg7 57. Qd7+ Kh6 58.
Qe6+ Qg6 59. Qh3+ Kg7 60. Qd7+ Kh8 61. Qc8+ Kg7 62. Qd7+ Kf8 63. Qc8+ Ke7 64.
Qxc7+ 1/2-1/2

[Event "Ct. Catalunya eq DH"]
[Site "?"]
[Date "2013.03.16"]
[Round "9.1"]
[White "De la Riva Aguado, O."]
[Black "Movsziszian, K."]
[Result "1-0"]
[WhiteElo "2542"]
[BlackElo "2517"]
[PlyCount "67"]
[EventDate "2013.??.??"]
[EventType "tourn"]
[EventRounds "11"]

1. e4 g6 2. d4 Bg7 3. Nc3 d6 4. Be3 a6 5. h4 Nf6 6. f3 Nbd7 7. Qd2 b5 8. O-O-O
Bb7 9. Nh3 $6 h6 10. Nf4 e6 11. g4 Nb6 12. Qf2 Qe7 13. Bh3 Nc4 14. g5 hxg5 15.
hxg5 Nh5 $1 16. Nd3 b4 $6 (16... Ng3 $1 17. Rh2 b4 18. Nb1 (18. Ne2 Nxe3 19.
Qxe3 Nxe2+ 20. Qxe2 Qxg5+ $19) 18... Nxe3 19. Qxe3 Bxd4 20. Qxd4 Rxh3 21. Qh8+
Rxh8 22. Rxh8+ Qf8 (22... Kd7 23. Ne5#) 23. Rxf8+ Kxf8 24. Nxb4 $15) 17. Ne2 a5
18. Kb1 Nxe3 19. Qxe3 Rc8 $2 (19... O-O-O $14) 20. e5 $6 (20. d5 $1 exd5 21.
Qa7 c5 22. Bxc8 Bxc8 23. Qxe7+ $16) 20... dxe5 21. Nxe5 c5 22. Bg4 cxd4 $4 (
22... Bd5 $14) 23. Nxd4 $18 Rc5 24. Nxe6 $18 (24. Nxg6 $18) 24... Rxe5 25.
Nxg7+ $2 (25. Rd8+ Qxd8 26. Nxg7+ Kf8 27. Qxe5 Rg8 28. Nxh5 gxh5 29. g6 $18)
25... Kf8 $15 26. Ne6+ $6 Qxe6 27. Qd4 Qd5 $6 (27... f5 $15) 28. Qa7 Qb5 29.
Rd7 Bd5 30. Qd4 $2 (30. Rd1 $11) 30... Kg8 $2 (30... Bc6 $19) 31. Rd8+ $18 Kh7
32. Rxh8+ (32. Rxh5+ gxh5 33. Bf5+ Rxf5 34. Qxh8+ Kg6 35. Qh6#) 32... Kxh8 33.
Qxe5+ f6 34. Qd4 1-0

[Event "Ct. Catalunya eq DH"]
[Site "?"]
[Date "2013.03.16"]
[Round "9.1"]
[White "Jerez Perez, A."]
[Black "Cuartas Medina, JA."]
[Result "1-0"]
[WhiteElo "2410"]
[BlackElo "2504"]
[PlyCount "79"]
[EventDate "2013.??.??"]
[EventType "tourn"]
[EventRounds "11"]

1. e4 c5 2. Nf3 e6 3. c3 Nf6 4. e5 Nd5 5. d4 cxd4 6. cxd4 d6 7. Bc4 Nc6 8. O-O
Be7 9. Qe2 Nb6 10. Bb3 d5 11. Nc3 Bd7 12. g3 g5 13. Be3 a6 14. Ne1 Na5 15. f4
Nbc4 16. fxg5 Nxb3 17. axb3 Nxe3 18. Qxe3 Bxg5 19. Qf3 Qe7 20. Nd3 h5 21. Nf4
h4 22. g4 O-O-O 23. Nd3 Rdf8 24. Nc5 Bc6 25. Qe2 Qc7 26. b4 Qb6 27. b5 Bxb5 28.
Nxb5 axb5 29. b4 Be7 30. Rfc1 Bxc5 31. Rxc5+ Kd7 32. Ra5 h3 33. g5 Rfg8 34. Qg4
Ke8 35. Ra8+ Ke7 36. Qf4 Rxa8 37. Qf6+ Kd7 38. Qxf7+ Kd8 39. Qf6+ Kd7 40. Qg7+
1-0

[Event "Ct. Catalunya eq DH"]
[Site "?"]
[Date "2013.03.16"]
[Round "9.2"]
[White "Gonzalez Perez, A."]
[Black "Norwood, D."]
[Result "1-0"]
[WhiteElo "2491"]
[BlackElo "2511"]
[PlyCount "65"]
[EventDate "2013.??.??"]
[EventType "tourn"]
[EventRounds "11"]

1. d4 g6 2. c4 Bg7 3. Nc3 c5 4. d5 Bxc3+ 5. bxc3 f5 6. h4 Nf6 7. h5 Rg8 8. hxg6
hxg6 9. Qa4 Qb6 10. Nf3 Qa6 11. Qxa6 Nxa6 12. Ng5 d6 13. f3 Bd7 14. e4 fxe4 15.
fxe4 Nc7 16. a4 b6 (16... e5) 17. Be2 O-O-O $2 18. e5 dxe5 19. Nf7 Rdf8 20.
Nxe5 $16 g5 21. O-O Rg7 22. Bd3 Rd8 23. a5 Kb7 $18 24. axb6 axb6 25. Be3 Ng4
26. Nxg4 Bxg4 27. Rfb1 Na6 28. d6 Bc8 (28... exd6 29. Be4+ d5 30. Bxd5+ Rxd5
$18) 29. Rxa6 Rxd6 30. Be4+ Kc7 31. Ra7+ Kb8 32. Ra8+ Kc7 33. Bf2 1-0

[Event "Ct. Catalunya eq DH"]
[Site "?"]
[Date "2013.03.16"]
[Round "9.2"]
[White "Magem Badals, J."]
[Black "Fluvia Poyatos, Joan"]
[Result "1-0"]
[WhiteElo "2571"]
[BlackElo "2541"]
[PlyCount "77"]
[EventDate "2013.??.??"]
[EventType "tourn"]
[EventRounds "11"]

1. e4 c5 2. Nf3 e6 3. g3 Nc6 4. Bg2 g6 5. d4 cxd4 6. Nxd4 a6 7. Nxc6 bxc6 8.
O-O Bg7 9. Na3 d5 10. exd5 cxd5 11. c4 Ne7 12. Bg5 Ra7 13. cxd5 exd5 14. Nc2
O-O 15. Nb4 Qd6 16. Bxe7 Rxe7 17. Nxd5 Rb7 18. Re1 Qd8 19. Rc1 Bxb2 20. Rc6 Kh8
21. Rxa6 Rb8 22. Ra4 Be6 23. h4 Bg7 24. Nf4 Qb6 25. Nxe6 fxe6 26. Re2 Rbc8 27.
Qb3 Bd4 28. Qxb6 Bxb6 29. Bh3 Rc3 30. Kg2 Rcf3 31. Bxe6 Bxf2 32. Rg4 Kg7 33.
Bd5 R3f5 34. Be4 R5f6 35. h5 Bc5 36. hxg6 hxg6 37. Rg5 Ba7 38. Ra5 R8f7 39. Ra4
1-0

[Event "Ct. Catalunya eq DH"]
[Site "?"]
[Date "2013.03.16"]
[Round "9.2"]
[White "Moskalenko, V."]
[Black "Cuadras Avellana, J."]
[Result "1-0"]
[WhiteElo "2568"]
[BlackElo "2388"]
[PlyCount "131"]
[EventDate "2013.??.??"]
[EventType "tourn"]
[EventRounds "11"]

1. d4 Nf6 2. c4 e6 3. Nc3 c5 4. d5 exd5 5. cxd5 d6 6. e4 g6 7. f4 Bg7 8. Bb5+
Nfd7 9. Nf3 a6 10. Bd3 b5 11. O-O O-O 12. Kh1 b4 13. Nb1 a5 14. Nbd2 Nb6 15.
Rb1 Ba6 16. Bxa6 Nxa6 17. b3 Nc7 18. Nc4 Nb5 19. Bd2 Nxc4 20. bxc4 Na3 21. Rc1
a4 22. e5 Qd7 23. Qe2 Rfe8 24. Rce1 Rab8 25. Bc1 Nb1 26. Bb2 Nc3 27. Qd2 Qf5
28. a3 Bh6 29. axb4 Ne4 30. Qe2 Rxb4 31. Ba1 Nf6 32. e6 fxe6 33. Nh4 Qg4 34.
Bxf6 Qxe2 35. Rxe2 Rxc4 36. dxe6 Rxf4 37. Rxf4 Bxf4 38. Nf3 a3 39. g3 Bc1 40.
Kg2 Bb2 41. Bxb2 axb2 42. Rxb2 Rxe6 43. Rb8+ Kf7 44. Rb7+ Kg8 45. Rd7 h6 46.
Kf2 Kf8 47. h4 Ke8 48. Rh7 h5 49. Rg7 Kf8 50. Rc7 Re7 51. Rc6 Re6 52. Ng5 Rf6+
53. Ke3 Ke7 54. Rc7+ Kd8 55. Ra7 Ke8 56. Rb7 Kf8 57. Rc7 Ke8 58. Ne4 Re6 59.
Kd3 Kd8 60. Rg7 Ke8 61. Ng5 Rf6 62. Ke4 Kf8 63. Rc7 Ke8 64. Kd5 Kd8 65. Rg7 Ke8
66. Ne4 1-0

[Event "Ct. Catalunya eq DH"]
[Site "?"]
[Date "2013.03.16"]
[Round "9.2"]
[White "Muñoz Pantoja, M."]
[Black "Lacasa Diaz, JA."]
[Result "1/2-1/2"]
[WhiteElo "2451"]
[BlackElo "2517"]
[PlyCount "32"]
[EventDate "2013.??.??"]
[EventType "tourn"]
[EventRounds "11"]

1. e4 c5 2. Nf3 e6 3. c4 Nc6 4. Nc3 Nf6 5. d4 cxd4 6. Nxd4 Bb4 7. Nxc6 bxc6 8.
Bd3 e5 9. O-O O-O 10. Ne2 d5 11. Ng3 Be6 12. cxd5 cxd5 13. Bg5 Be7 14. Bxf6
Bxf6 15. exd5 Bxd5 16. Be4 Bxe4 1/2-1/2

[Event "Ct. Catalunya eq DH"]
[Site "?"]
[Date "2013.03.16"]
[Round "9.2"]
[White "Perez Mitjans, O."]
[Black "Torrecillas Martinez, A."]
[Result "1-0"]
[WhiteElo "2496"]
[BlackElo "2407"]
[PlyCount "83"]
[EventDate "2013.??.??"]
[EventType "tourn"]
[EventRounds "11"]

1. e4 e6 2. d3 d5 3. Nd2 c5 4. Ngf3 Nc6 5. g3 g6 6. h4 h6 7. Bg2 Bg7 8. O-O
Nge7 9. Re1 O-O 10. e5 Qc7 11. Nf1 Nxe5 12. Nxe5 Bxe5 13. Bxh6 Re8 14. c3 Nf5
15. Bd2 Bd7 16. Nh2 Bg7 17. h5 Bc6 18. Qg4 Ne7 19. hxg6 Nxg6 20. Qh5 e5 21. Ng4
Qd6 22. Bh6 Rac8 23. Ne3 Bxh6 24. Nf5 Qf6 25. Nxh6+ Kf8 26. Ng4 Qg7 27. Re2 Re6
28. Rae1 Rce8 29. Ne3 Rd8 30. Nf5 Qf6 31. Bh3 d4 32. cxd4 cxd4 33. f4 e4 34.
dxe4 d3 35. e5 Nxf4 36. gxf4 Qg6+ 37. Qxg6 Rxg6+ 38. Rg2 d2 39. Rd1 Rd3 40.
Rxg6 fxg6 41. Bf1 Rf3 42. Nd4 1-0

[Event "Ct. Catalunya eq DH"]
[Site "?"]
[Date "2013.03.16"]
[Round "9.2"]
[White "Rizouk, A."]
[Black "Fluvia Poyatos, Jordi"]
[Result "1/2-1/2"]
[WhiteElo "2520"]
[BlackElo "2500"]
[PlyCount "127"]
[EventDate "2013.??.??"]
[EventType "tourn"]
[EventRounds "11"]

1. e4 d6 2. d4 Nf6 3. Nc3 g6 4. Be3 a6 5. h3 b5 6. e5 Nfd7 7. Nf3 b4 8. Ne4 d5
9. e6 Nf6 10. exf7+ Kxf7 11. Ne5+ Kg8 12. Ng5 c5 13. Ngf7 Qc7 14. Nxh8 Kxh8 15.
Bf4 Qb6 16. dxc5 Qxc5 17. Bd3 Qd4 18. Qc1 Nbd7 19. Nf3 Qc5 20. O-O Ne4 21. a3
Bg7 22. axb4 Qxb4 23. c3 Qb6 24. Qe3 Qxe3 25. Bxe3 Ndc5 26. Bxe4 Nxe4 27. Bd4
Rb8 28. Ra5 e6 29. Ra2 Bd7 30. Bxg7+ Kxg7 31. Rxa6 Bb5 32. Ra7+ Kf6 33. Re1 Bc4
34. Nd4 e5 35. Nc2 Rxb2 36. Ne3 Nxc3 37. Ng4+ Ke6 38. Rxe5+ Kd6 39. Ree7 d4 40.
Red7+ Ke6 41. Rxh7 d3 42. Rac7 Ne2+ 43. Kh2 Bd5 44. Rhe7+ Kd6 45. Red7+ Ke6 46.
Ne3 Nf4 47. Kg3 Nh5+ 48. Kh4 Nf6 49. Rd8 Rxf2 50. Ra7 Re2 51. Nxd5 Nxd5 52.
Ra6+ Ke5 53. Ra5 Re4+ 54. Kg5 Rd4 55. Ra6 Ne7 56. Re8 Rd7 57. Ra1 Kd4 58. g4 d2
59. Rf8 Ke3 60. Rf7 Rc7 61. Rff1 Nd5 62. Kxg6 Nf4+ 63. Kf6 Nxh3 64. Rfb1
1/2-1/2

[Event "Ct. Catalunya eq DH"]
[Site "?"]
[Date "2013.03.16"]
[Round "9.3"]
[White "Fernandez Aguado, E."]
[Black "Baron Isanta, JM."]
[Result "1/2-1/2"]
[WhiteElo "2419"]
[BlackElo "2414"]
[PlyCount "78"]
[EventDate "2013.??.??"]
[EventType "tourn"]
[EventRounds "11"]

1. d4 Nf6 2. c4 g6 3. Nc3 Bg7 4. e4 d6 5. f3 O-O 6. Bg5 c5 7. Nge2 cxd4 8. Nxd4
Nc6 9. Nc2 Nd7 10. Qd2 Nc5 11. Be2 f5 12. exf5 Bxf5 13. Ne3 Qa5 14. O-O Na4 15.
Qd5+ Qxd5 16. cxd5 Nxc3 17. bxc3 Na5 18. Rac1 Rac8 19. Bb5 Rc7 20. Rfe1 a6 21.
Bf1 Rxc3 22. Nxf5 Rxf5 23. Bxe7 Rxc1 24. Rxc1 Rxd5 25. Bd8 Bd4+ 26. Kh1 Kf8 27.
Rc8 Kg7 28. g4 Nc6 29. Rc7+ Kf8 30. Bh4 Ne5 31. Rxb7 Bc5 32. Bxa6 Rd1+ 33. Kg2
Rd2+ 34. Kh3 Rxa2 35. Be7+ Kg8 36. f4 Ra3+ 37. Kg2 Ra2+ 38. Kh3 Ra3+ 39. Kg2
Ra2+ 1/2-1/2

[Event "Ct. Catalunya eq DH"]
[Site "?"]
[Date "2013.03.16"]
[Round "9.3"]
[White "Granados Gomez, M."]
[Black "Herraiz Hidalgo, H."]
[Result "1/2-1/2"]
[WhiteElo "2386"]
[BlackElo "2488"]
[PlyCount "44"]
[EventDate "2013.??.??"]
[EventType "tourn"]
[EventRounds "11"]

1. c4 Nf6 2. Nc3 g6 3. e4 d6 4. g3 Bg7 5. Bg2 c5 6. Nge2 Nc6 7. d3 O-O 8. O-O
a6 9. h3 e5 10. f4 exf4 11. gxf4 Nh5 12. Be3 f5 13. Qd2 Nd4 14. Bxd4 cxd4 15.
Nd5 Be6 16. Kh2 fxe4 17. Bxe4 Qh4 18. Bg2 Bxd5 19. Bxd5+ Kh8 20. Qe1 Qxe1 21.
Raxe1 Bh6 22. b3 Rab8 1/2-1/2

[Event "Ct. Catalunya eq DH"]
[Site "?"]
[Date "2013.03.16"]
[Round "9.3"]
[White "Lillo Castany, V."]
[Black "Cruz Sanchez, C."]
[Result "1/2-1/2"]
[WhiteElo "2359"]
[BlackElo "2547"]
[PlyCount "118"]
[EventDate "2013.??.??"]
[EventType "tourn"]
[EventRounds "11"]

1. e4 c5 2. Nf3 Nc6 3. d4 cxd4 4. Nxd4 Nf6 5. Nc3 e5 6. Ndb5 h6 7. Nd6+ Bxd6 8.
Qxd6 Qe7 9. Qxe7+ Kxe7 10. Be3 d6 11. f3 Be6 12. O-O-O Rac8 13. Be2 a6 14. Rd2
Nb8 15. Rhd1 Rc6 16. Kb1 Nbd7 17. a3 b5 18. a4 bxa4 19. Nxa4 Rb8 20. Kc1 Rb4
21. Nc3 Ne8 22. g3 Nb6 23. Bxb6 Rbxb6 24. Nd5+ Bxd5 25. Rxd5 Nc7 26. R5d2 Ne6
27. c3 a5 28. Rc2 a4 29. Kb1 Rb3 30. Rd5 a3 31. Rb5 Rxb5 32. Bxb5 Rc5 33. Ba4
axb2 34. Kxb2 Rc7 35. Rd2 g6 36. Bd1 Nc5 37. Kc2 Ra7 38. Kb2 Rb7+ 39. Kc2 Rc7
40. Be2 f5 41. exf5 gxf5 42. Bc4 Na4 43. Kb3 Nb6 44. Bd5 Rc5 45. c4 Ra5 46. Rd1
Nd7 47. Kb2 Nc5 48. Ra1 Rxa1 49. Kxa1 e4 50. Kb2 exf3 51. Bxf3 Ke6 52. Kc3 Ke5
53. Bd5 f4 54. gxf4+ Kxf4 55. Kd4 Nb3+ 56. Kc3 Nc5 57. Kd4 Nb3+ 58. Kc3 Nc1 59.
Kd2 Nb3+ 1/2-1/2

[Event "Ct. Catalunya eq DH"]
[Site "?"]
[Date "2013.03.16"]
[Round "9.3"]
[White "Lorenzo de la Riva, L."]
[Black "Lopez Martinez, JM."]
[Result "0-1"]
[WhiteElo "2513"]
[BlackElo "2538"]
[PlyCount "102"]
[EventDate "2013.??.??"]
[EventType "tourn"]
[EventRounds "11"]

1. e4 c6 2. d4 d5 3. e5 Bf5 4. Nf3 e6 5. Be2 Nd7 6. O-O h6 7. Nbd2 Ne7 8. Nb3
Qc7 9. a4 g5 10. Ne1 Bg7 11. Bd2 c5 12. c3 c4 13. Nc1 Bg6 14. b3 O-O 15. f4
gxf4 16. Bxf4 cxb3 17. Nxb3 Rac8 18. Rc1 Nb6 19. Nd2 Qc6 20. Bb5 Qc7 21. Bd3
Qc6 22. Bb5 Qc7 23. Ndf3 Nc4 24. Nh4 a6 25. Bxc4 Qxc4 26. Qd2 Kh7 27. Rf3 Rh8
28. Rh3 Kg8 29. Nxg6 Nxg6 30. Nd3 Qxa4 31. Rb1 Qc4 32. Nc5 Rxc5 33. Rb4 Qxb4
34. cxb4 Rc4 35. b5 axb5 36. Rf3 b4 37. Bg3 Bf8 38. Bf2 Be7 39. g3 h5 40. Be3
Rh7 41. Qa2 Rc3 42. Qa8+ Bf8 43. Qxb7 b3 44. Kf1 h4 45. g4 h3 46. Ke2 Rc2+ 47.
Kd3 Rxh2 48. Qxb3 Rh1 49. Rf2 h2 50. Rxh2 R7xh2 51. Qb8 Rh3 0-1

[Event "Ct. Catalunya eq DH"]
[Site "?"]
[Date "2013.03.16"]
[Round "9.3"]
[White "Prie, E."]
[Black "Dominguez Pons, E."]
[Result "0-1"]
[WhiteElo "2470"]
[BlackElo "2371"]
[PlyCount "158"]
[EventDate "2013.??.??"]
[EventType "tourn"]
[EventRounds "11"]

1. d4 Nf6 2. Nc3 d5 3. Bf4 c6 4. e3 g6 5. Be2 Bg7 6. h4 Qb6 7. a3 Nbd7 8. Nf3
O-O 9. Ne5 Nxe5 10. Bxe5 Nd7 11. Bxg7 Kxg7 12. h5 e5 13. b3 e4 14. Qd2 $14 f5
15. O-O-O Nf6 16. f4 exf3 $2 17. gxf3 $16 Nxh5 18. Rdg1 Kh8 19. f4 Qc7 $2 20.
Bxh5 $18 gxh5 21. Rxh5 Qe7 22. Kb2 Bd7 23. Ne2 Rae8 24. Nc1 Rg8 25. Rgh1 Rg7
26. R5h3 Reg8 27. Qh2 Be8 28. Nd3 h5 29. Ne5 Rh7 30. Qe2 Qg7 31. Nf3 Rh6 32.
Nh4 Qf7 33. Qd3 Bd7 34. Nf3 Be8 35. Ng5 Qg6 36. Qc3 Qf6 37. a4 Rg7 38. a5 Qd6
39. Rg1 Kg8 40. Rhg3 Rgg6 41. Qd3 Qf6 42. Qd1 Kh8 43. Qe1 Kg8 44. Qb4 Qg7 45.
Ne6 Qf6 46. Nc5 $2 (46. Nc7 Rg4 47. Nxe8 Qd8 48. Ng7 Kxg7 49. Qxb7+ $18) 46...
h4 $14 47. Rxg6+ $2 (47. Rg5 h3 $2 48. Qxb7 h2 49. Rxg6+ Rxg6 50. Rh1 Rh6 51.
Qxa7 $18) 47... Rxg6 $11 48. Re1 Qe7 49. Qd2 h3 50. Qh2 Qh4 51. Rh1 Rg3 52.
Nxb7 Bh5 $2 (52... Qg4 53. Nd6 Bd7) 53. Qd2 $4 (53. Nd6 Bg4 54. Qf2 $18) 53...
Bf3 $19 54. Rc1 h2 55. Nd6 h1=Q $2 (55... Rg1 $19) 56. Nxf5 $2 (56. Rxh1 $11
Qxh1 57. Qb4 Qh5 58. Qb8+ Kh7 59. Qxa7+ Rg7 60. Qc5 Be4 61. Nxe4 fxe4 62. Qxc6
Qe2 63. Qxd5 Qxe3 64. Qh5+) 56... Q1h2 $19 57. Qb4 Qf6 58. Qb8+ Kh7 (58... Qf8)
59. Qxa7+ Rg7 60. Nxg7 Qxg7 61. Qb6 Qh3 62. a6 Qhd7 63. Ra1 Qa7 64. Qxc6 Be4
65. f5 (65. Ra4 {exemple de linia de resistencia} Qg6 66. Qc3 Qd6 67. Qc8 Kg7
68. Ra1 Kf7 69. Ra4 Qdb6 70. Qc3 Ke8 71. Qc8+ Ke7 72. Qh8 Kf7 73. Qc8 Qe6 74.
Qc5 Qxc5 75. dxc5 d4 76. exd4 Bc6 77. a7 Qe4 78. Rc4 Ke7) 65... Qgf7 $2 (65...
Qh6) 66. Rg1 $2 (66. Ra4 $1 $11 Kg8 67. Qd6 Qxf5 68. Rb4 Qc8 69. Qg3+ Kf8 70.
Qd6+ Ke8 71. Qe5+) 66... Qac7 $19 67. Rg6 Bxf5 68. Rf6 Qxc6 69. Rxc6 Qa7 70. b4
Bd7 71. Rd6 Bb5 72. Rxd5 Qxa6 73. Rc5 Qa4 74. c3 Bd3 75. d5 Qc2+ 76. Ka3 Qc1+
77. Ka4 Qa1+ 78. Kb3 Qb1+ 79. Ka3 Bc2 0-1

[Event "Ct. Catalunya eq DH"]
[Site "?"]
[Date "2013.03.16"]
[Round "9.3"]
[White "Vila Gazquez, X."]
[Black "Alonso Moyano, J."]
[Result "1-0"]
[WhiteElo "2490"]
[BlackElo "2480"]
[PlyCount "69"]
[EventDate "2013.??.??"]
[EventType "tourn"]
[EventRounds "11"]

1. e4 c5 2. Nf3 d6 3. d4 cxd4 4. Qxd4 Nc6 5. Bb5 Bd7 6. Bxc6 Bxc6 7. Nc3 e5 8.
Qd3 h6 9. Be3 Nf6 10. O-O-O a6 11. Nd2 b5 12. Nd5 Nxd5 13. exd5 Bd7 14. f4 Be7
15. fxe5 dxe5 16. d6 Bg5 17. Nf3 Bf6 18. Kb1 O-O 19. Nd2 Bg5 20. Bxg5 Qxg5 21.
Nf3 Qxg2 22. Nxe5 Be6 23. h4 Rfd8 24. Rhg1 Qh3 25. Qd4 f6 26. Nc6 Rd7 27. Qxf6
Kh8 28. Qd4 Rf7 29. Ne5 Rf6 30. Ng6+ Kh7 31. Qe4 Bf5 32. Qxa8 Bxg6 33. d7 Bxc2+
34. Ka1 Bxd1 35. Qe4+ 1-0